Central Library OPAC University of Rajshahi

ব্যাতিক্রমী প্রসঙ্গ / (Record no. 40087)

MARC details
000 -LEADER
fixed length control field 01032nam a2200241 a 4500
001 - CONTROL NUMBER
control field 40087
003 - CONTROL NUMBER IDENTIFIER
rucl marc code BD-RjUL
005 - DATE AND TIME OF LATEST TRANSACTION
control field 20211209053131.0
008 - FIXED-LENGTH DATA ELEMENTS--GENERAL INFORMATION
fixed length control field 160421s1970 pk ||||| |||| 00| 0 ben d
020 ## - INTERNATIONAL STANDARD BOOK NUMBER
Terms of availability : PRs.10.00
035 ## - SYSTEM CONTROL NUMBER
System control number (BD-RjUL)40202
040 ## - CATALOGING SOURCE
Original cataloging agency BD-RjUL
Language of cataloging ben
Transcribing agency BD-RjUL
041 ## - LANGUAGE CODE
Language code of text/sound track or separate title ben
082 ## - DEWEY DECIMAL CLASSIFICATION NUMBER
Edition number 23
Classification number 891.4409
Author mark and year ANB 1970
100 ## - MAIN ENTRY--PERSONAL NAME
Personal name আনিসুজ্জামান
9 (RLIN) 123444
245 ## - TITLE STATEMENT
Title ব্যাতিক্রমী প্রসঙ্গ /
Statement of responsibility, etc. আনিসুজ্জামান, সম্পদানা : হায়াৎ মামুদ
260 ## - PUBLICATION, DISTRIBUTION, ETC. (IMPRINT)
Place of publication, distribution, etc. ঢাকা :
Name of publisher, distributor, etc. পাকিস্তান বুক কর্পোরেশন,
Date of publication, distribution, etc. ১৯৭০
300 ## - PHYSICAL DESCRIPTION
Pagination [৬], ২৭৭ পৃ. ;
Size ২০ সে.মি.
650 ## - SUBJECT ADDED ENTRY--TOPICAL TERM
Topical term or geographic name as entry element বাংলা সাহিত্য
Form subdivision ইতিহাস ও সমালোচনা
9 (RLIN) 117445
Topical term or geographic name as entry element Bengali literature
Form subdivision History and Critisiam
9 (RLIN) 123445
700 ## - ADDED ENTRY--PERSONAL NAME
Personal name মামুদ, হায়াৎ সম্পাদনা
942 ## - ADDED ENTRY ELEMENTS (KOHA)
Source of classification or shelving scheme Dewey Decimal Classification
Koha item type Books
Holdings
Lost status Source of classification or shelving scheme Damaged status Not for loan Collection code Permanent Location Current Location Shelving location Date acquired Source of acquisition Cost, normal purchase price Total Checkouts Full call number Date last seen Copy number Koha item type
  Dewey Decimal Classification     Non-fiction Central Library, University of Rajshahi Central Library, University of Rajshahi Reading Room 27/06/1970 book corporation, Pakistan. 10.00   B 891.4409 ANB 1970 21/04/2016 C-2 Books